000 01660nam a22004697a 4500
001 000096748
003 CHAP
005 20220817044138.0
008 070117d2006 mx r 00110 spa d
010 _a93214
011 _a94186
035 _a104770
040 _cCHAP
090 _aTesis
100 1 _aCampos Trejo, Modesto
_918144
245 1 0 _aDiseño de una máquina picadora de pencas de maguey (Agave Salmiana) /
_c/por Modesto Campos Trejo.
260 _aChapingo, Méx. :
_bEl autor,
_c2006.
300 _a91 h. :
_bilus.; cuadros, + Anexo.
502 _aTesis ( Ing. Mecánico Agrícola) - - UACH. Ingeniería Mecánica Agrícola
590 _aALEPH
_b10
_c20130110
_lUCH01
_h1516
590 _aBATCH-UPD
_b10
_c20130110
_lUCH01
_h0627
590 _aBATCH-UPD
_b10
_c20130110
_lUCH01
_h2306
590 _aBATCH-UPD
_b10
_c20130410
_lUCH01
_h0310
590 _aBATCH-UPD
_b10
_c20130913
_lUCH01
_h2002
590 _aBATCH-UPD
_b10
_c20140324
_lUCH01
_h1501
590 _aBATCH-UPD
_b10
_c20141002
_lUCH01
_h0833
590 _aBATCH
_b00
_c20181121
_lUCH01
_h0759
590 _aCONVERSION
_b10
_c20130109
_lUCH01
_h1352
590 _aE792CSJ
_b10
_c20130529
_lUCH01
_h1128
650 1 4 _aAgave como forraje.
650 1 4 _aAgave salmiana.
_91106
650 1 4 _aMaquinaria agrícola
_xDiseño.
_971168
650 1 4 _aPicadoras.
_987944
856 _3Finding aid
_uhttp://10.13.5.2/tesis/104770.pdf
_zTeclea aquí
856 _a1
_n0001214
901 _aBK
905 _aElisama A. H.
942 _cCD
942 _n0
949 _aTesis
_bBC
_cTES
_d33724002005446
_eTS2
_fc.2
_h46241
_i104770
_sb
949 _aTesis
_bBC
_cTES
_d33724002005488
_eTS1
_h46240
_i104770
_sb
999 _c93214
_d93214